| 000 | 00956nam0a22003011 4500 | ||
|---|---|---|---|
| 001 | v19\rc\1788569 | ||
| 005 | 20250619075412.0 | ||
| 035 | _a(NLR Aleph) 004880666 | ||
| 090 |
_a5166578 _c5166578 |
||
| 100 | _a20061204d1905 |||y0rusy50 ca | ||
| 101 | 1 |
_arus _cger |
|
| 102 | _aRU | ||
| 105 | _aa z ||||| | ||
| 200 | 1 |
_aВ начале столетия _e(Культур. завоевания XIX ст.) _fД-р Бруно Борхард _gПер. с нем. Ф. Бернштейн |
|
| 210 |
_aМосква _cД.П. Ефимов _d1905 |
||
| 215 |
_a80 с. _cил. _d19 |
||
| 700 | 1 |
_aБорхардт _bБ. _f1859- _gБруно |
|
| 702 | 1 |
_aБернштейн _bФ. _4730 |
|
| 801 | 0 |
_aRU _bNLR _gpsbo |
|
| 801 | 0 |
_aRU _bRuMoRGB _2psbo |
|
| 801 | 1 |
_aRU _bProSoft-M _2rusmarc |
|
| 852 |
_aNLR _j67-4/17377 |
||
| 899 |
_aRuMoRGB _jU 112/520 |
||
| 899 |
_aRuMoRGB _jU 245/287 |
||
| 899 |
_aRuMoRGB _jРб 35/14 |
||
| 899 | _aГПИБ | ||
| 942 | _cBOOK | ||
| 980 | _aNB | ||